Word Ladder: 4 Letter Movies Quiz Stats

 Plays Quiz Updated Apr 16, 2015

Challenge
Share
Tweet
Embed
Score 0/75 Timer 09:00
0 Plays Today
Clue 4-Letter Word % Correct
Noise a dog makesBARK
91.8%
Robert De ____NIRO
90.8%
See no evil, ____ no evilHEAR
90.2%
Where to keep your picklesJARS
89.2%
Hamill or WahlbergMARK
88.6%
Strip of leather worn around the waistBELT
88.2%
Plunge head first into waterDIVE
84.6%
It follows '8' and 'The Green'MILE
84.4%
Roman emperor 54–68NERO
84.2%
Part played by an actorROLE
83.2%
●Roy Scheider, Robert Shaw (1975)● ● JAWS ●
82.9%
Offspring of a donkey and a horse MULE
82.9%
Offensively impolite or ill-manneredRUDE
81.7%
Garland or DavisJUDY
81.2%
Exercise ultimate power or authority overRULE
79.7%
Main body of a shipHULL
79.1%
German man's titleHERR
78.6%
Short-lived crazesFADS
78.1%
Eat foodDINE
78.1%
●Cher, Eric Stoltz (1985)● ● MASK ●
77.8%
Hades - PandemoniumHELL
76.8%
Act without wordsMIME
76.8%
Amount of matter in an objectMASS
76.7%
●Dustin Hoffman, Geena Davis (1992)● ● HERO ●
76.5%
Soft, lustrous fiberSILK
76.4%
Old or discarded rubbishJUNK
76.2%
●Ned Beatty, Sean Astin (1993)● ● RUDY ●
75.9%
Basketball termDUNK
75.6%
●Sean Penn, Josh Brolin (2009)● ● MILK ●
75.5%
●Ellen Page, Michael Cera (2007)● ● JUNO ●
74.6%
John Wayne's nicknameDUKE
74.6%
Ryan O' or Tatum O'NEAL
74.5%
Shakespearean kingLEAR
74.4%
●Eric Bana, Jennifer Connelly (2003)● ● HULK ●
73.7%
Attack or destroy with nuclear weaponsNUKE
73.6%
Be silent, and moroseSULK
73.2%
Type of unarmed combatJUDO
71.8%
Arranged in an orderly wayNEAT
71.8%
Clue 4-Letter Word % Correct
●John Travolta, Miley Cyrus (2008*)● ● BOLT ●
70.8%
Pirates mark them with an XMAPS
70.6%
●Jodie Foster, Liam Neeson (1994)● ● NELL ●
69.7%
●Al Pacino, Robert De Niro (1995)● ● HEAT ●
69.4%
●Kyle MacLachlan, Sting (1984)● ● DUNE ●
69.1%
Highest or uppermost pointsTOPS
68.5%
●Owen Wilson, Paul Newman (2006*)● ● CARS ●
67.8%
The trunk of a treeBOLE
67.7%
●William Petersen, Mark Wahlberg (1996)● ● FEAR ●
66.9%
Notable act or deedFEAT
66.3%
Men who behave dishonorablyCADS
64.2%
Scheider and RogersROYS
64%
The goddess of victoryNIKE
63.7%
●Daniel Day-Lewis, Marion Cotillard (2009)● ● NINE ●
63.4%
●Kevin Kline, Sigourney Weaver (1993)● ● DAVE ●
63.4%
●Timothy Hutton, Tom Cruise (1981)● ● TAPS ●
63%
Actor Gordon and author TolstoyLEOS
62.5%
Meadows or fieldsLEAS
62.4%
●Courtney Love, Kiefer Sutherland (2000) ● ● BEAT ●
62.1%
Cartoon movie or cartoon character TOON
61.5%
Foolish person or large waterbirdLOON
61.3%
A ballpoint penBIRO
61%
●Jean Reno, Gary Oldman (1994)● ● LÉON ●
60.6%
●Lucille Ball, Bea Arthur (1974)● ● MAME ●
59.6%
A birch treeBIRK
59.6%
The fourth of July for instanceDATE
59.5%
●Robin Williams, Michael Gambon (1992)● ● TOYS ●
58.9%
Steiger and CameronRODS
58.7%
●Debbie Allen, Irene Cara (1980)● ● FAME ●
58.4%
Fully matured (of a cheese or wine) RIPE
56.6%
Frost formed on cold objectsRIME
55.7%
KismetFATE
54.7%
●James Stewart, John Dall (1948)● ● ROPE ●
54.2%
●Warren Beatty, Diane Keaton (1981)● ● REDS ●
51.3%
●Rebecca De Mornay, Mary Gross (1988)● ● FEDS ●
49.4%
●Jeff Bridges, Bruce Boxleitner (1982)● ● TRON ●
45.2%
●Brad Pitt, Eric Bana (2004)● ● TROY ●
43.6%

Today's Daily Dose

You're not logged in!

Compare scores with friends on all Sporcle quizzes.
Join for Free
OR
Log In

You Might Also Like...

Show Comments

Extras

Top Quizzes Today


Score Distribution

Your Account Isn't Verified!

In order to create a playlist on Sporcle, you need to verify the email address you used during registration. Go to your Sporcle Settings to finish the process.

Report this User

Report this user for behavior that violates our Community Guidelines.

Details: